Dopad zvyšovania úrokových sadzieb na ziskovosť slovenských podnikov diplomová práca

Salvato in:
Dettagli Bibliografici
Autore principale: Besehanič, Tomáš
Ente Autore: Podnikovohospodárska fakulta EU so sídlom v Košiciach. Katedra kvantitatívnych metód
Altri autori: Verner, Robert, 1986-
Natura: Libro
Lingua:slovacco
Pubblicazione: Košice 2025
Tags: Aggiungi Tag
Nessun Tag, puoi essere il primo ad aggiungerne!!

MARC

LEADER 00000nbm a2200000 4500
001 0309114
005 20260211084238.3
041 0 |a slo 
044 |a SK 
245 1 0 |a Dopad zvyšovania úrokových sadzieb na ziskovosť slovenských podnikov  |b diplomová práca  |c Tomáš Besehanič ; školiteľ: Robert Verner 
264 1 |a Košice  |c 2025 
300 |a 72 s. 
100 1 |a Besehanič, Tomáš 
700 1 |a Verner, Robert, 1986- 
710 2 |a Podnikovohospodárska fakulta EU so sídlom v Košiciach. Katedra kvantitatívnych metód